000 00374nam a2200121Ia 4500
008 240731s9999 xx 000 0 und d
022 _a1464-1321
245 4 _aThe Quarterly Journal of Experimental Psychology Section B : Comparative and Physiological Psychology
260 _bRoutledge
856 _uhttps://www.tandfonline.com/loi/pqjb20
942 _2ddc
942 _cTFEJ
999 _c80069
_d80069
945 _a1
_bMadushi Gamage
_c1
_dMadushi Gamage